Les responsabilités de l'entreprise en matière d'accidents du travail
Guardat en:
| Autor principal: | |
|---|---|
| Format: | Llibre |
| Idioma: | francès |
| Publicat: |
París, Francia
Sirey
1967
|
| Col·lecció: | Bibliothèque de Droit du Travail et de la Sécurité Sociale,
2 |
| Matèries: | |
| Etiquetes: |
Afegir etiqueta
Sense etiquetes, Sigues el primer a etiquetar aquest registre!
|
MARC
| LEADER | 00000nam a2200000 a 4500 | ||
|---|---|---|---|
| 001 | UCS2299 | ||
| 003 | CL-VaPUC | ||
| 005 | 20240830115116.0 | ||
| 008 | 970523e19670000FR |||||||||||||||||fre|d | ||
| 999 | |c 260271 |d 260269 | ||
| 040 | |c Pontificia Universidad Católica de Valparaíso | ||
| 082 | 0 | 4 | |a 344.046 BOL 1967 |2 21 |
| 100 | 0 | |a Bollache, P |e autor |9 387592 | |
| 245 | 1 | 4 | |a Les responsabilités de l'entreprise en matière d'accidents du travail |
| 260 | 0 | 3 | |a París, Francia |b Sirey |c 1967 |
| 300 | |a 179 páginas | ||
| 490 | 0 | |a Bibliothèque de Droit du Travail et de la Sécurité Sociale, |v 2 | |
| 583 | |a last modification |c 20170712 03:40:18 |k Rodrigo Vera | ||
| 650 | 7 | |a DERECHO LABORAL |2 CL-VaPUC |9 15 | |
| 650 | 0 | |a Accidentes de trabajo |9 254901 | |
| 650 | 7 | |a RESPONSABILIDAD CIVIL |2 CL-VaPUC |9 387593 | |
| 650 | 0 | |a Obligaciones |9 255578 | |
| 650 | 0 | |a Prevención de riesgos |9 387495 | |
| 942 | |c BK |2 ddc | ||
| 945 | |d 19970523 00:00:00 |a cmena | ||
| 952 | |0 0 |1 0 |2 ddc |4 0 |6 344_046000000000000_BOL_1967 |7 0 |8 A |9 286228 |a BIBDER |b BIBDER |d 2019-11-19 |i 1860224 |o 344.046 BOL 1967 |p 1860224 |r 2023-01-25 |t 1 |w 2019-11-19 |y BK |k DER | ||